109 bài luyện dịch Việt - Anh

Na minha lista:
Detalhes bibliográficos
Autor principal: Nguyễn Thuần Hậu
Formato: Livro
Idioma:Undetermined
Publicado em: Tp. HCM Trẻ 2002
Assuntos:
Tags: Adicionar Tag
Sem tags, seja o primeiro a adicionar uma tag!
Thư viện lưu trữ: Trung tâm Học liệu Trường Đại học Cần Thơ
LEADER 00551nam a2200205Ia 4500
001 CTU_54742
008 210402s9999 xx 000 0 und d
020 |b 30000 
082 |a 428.02 
082 |b H125 
100 |a Nguyễn Thuần Hậu 
245 0 |a 109 bài luyện dịch Việt - Anh 
245 0 |c Nguyễn Thuần Hậu 
260 |a Tp. HCM 
260 |b Trẻ 
260 |c 2002 
650 |a english language 
650 |x translating 
904 |i Mai Loan 
980 |a Trung tâm Học liệu Trường Đại học Cần Thơ